000
00269nam a2200121Ia 4500
003
LDD
040
_c
LDD
041
_a
en
245
0
_a
IEEE Computer Magzine
260
_a
IEEE Computer Society
_b
NewYork
_c
1 Jul-31 Dec,2006
362
_a
39-39
_b
07-Dec
942
_2
ddc
_c
J
999
_c
179558
_d
179558